[Event "Uralsk op"]
[Site "Uralsk"]
[Date "2023.07.25"]
[Round "6"]
[White "Iljushin, Yaroslav"]
[Black "Mukashev, Imran"]
[Result "1-0"]
[WhiteElo "1527"]
[BlackElo "1316"]
[PlyCount "97"]
[EventDate "2023.07.21"]
[EventType "swiss"]
[EventRounds "9"]
[EventCountry "KAZ"]
[SourceTitle "EXT 2024"]
[Source "ChessBase"]
[SourceDate "2023.10.10"]
[SourceVersion "1"]
[SourceVersionDate "2023.10.10"]
[SourceQuality "1"]

1. e4 c5 2. Nf3 e6 3. d4 cxd4 4. Nxd4 Nf6 5. Nc3 Nc6 6. Nxc6 bxc6 7. e5 Nd5 8. Ne4 Qc7 9. f4 Qb6 10. a3 Ne3 11. Qd3 Nxf1 12. Rxf1 Ba6 13. c4 d5 14. exd6 Rd8 15. Qc3 f5 16. Be3 Qb8 17. Nc5 Bc8 18. 0-0-0 Rxd6 19. Rxd6 Qxd6 20. Rd1 Qc7 21. Nd3 Bd6 22. c5 Bf8 23. Qd4 Ba6 24. Ne5 Be7 25. Qd7+ Qxd7 26. Rxd7 Bf6 27. Rxa7 Bf1 28. Ra8+ Bd8 29. Nxc6 Kd7 30. Rxd8+ Rxd8 31. Nxd8 Kxd8 32. g3 Kc7 33. a4 Bg2 34. b4 Bd5 35. Kb2 Bf3 36. b5 h6 37. h4 Bd1 38. Ka3 Bf3 39. Kb4 Bd5 40. Bd4 g6 41. Be5+ Kb7 42. a5 h5 43. a6+ Ka7 44. Ka5 Bc6 45. bxc6 g5 46. c7 g4 47. Kb5 Ka8 48. c8Q+ Ka7 49. Qb7# 1-0

[Event "Tuapse Rapid op"]
[Site "Tuapse"]
[Date "2022.06.26"]
[Round "1"]
[White "Tekeyev, Zaur"]
[Black "Iljushin, Yaroslav"]
[Result "1-0"]
[WhiteElo "2396"]
[BlackElo "1405"]
[PlyCount "65"]
[EventDate "2022.06.26"]
[EventType "swiss (rapid)"]
[EventRounds "11"]
[EventCountry "RUS"]
[SourceTitle "CBM 209 Extra"]
[Source "ChessBase"]
[SourceDate "2022.09.30"]
[SourceVersion "1"]
[SourceVersionDate "2022.09.30"]
[SourceQuality "1"]

1. e4 c5 2. Nf3 Nc6 3. Bb5 g6 4. 0-0 Bg7 5. Re1 d6 6. e5 Qc7 7. exd6 Qxd6 8. Nc3 Bf5 9. Qe2 0-0-0 10. Ne4 Bxe4 11. Qxe4 Nd4 12. Nxd4 Qxd4 13. Qf3 Qf6 14. Qa3 Qb6 15. Qh3+ e6 16. a4 Ne7 17. Bc4 Nd5 18. a5 Qc6 19. c3 h5 20. d3 Bf6 21. Qf3 g5 22. a6 b6 23. Bxd5 exd5 24. Qf5+ Kb8 25. Bxg5 Bxg5 26. Qxg5 f6 27. Qf4+ Ka8 28. Re7 Rhe8 29. Rae1 Rxe7 30. Rxe7 Rc8 31. Qf5 Rc7 32. Qxf6 Kb8 33. Qe5 1-0

[Event "EU-ch Hybrid U12"]
[Site "Tornelo INT"]
[Date "2021.10.15"]
[Round "5"]
[White "Alves, Jose Pedro Figueire"]
[Black "Iljushin, Yaroslav"]
[Result "0-1"]
[WhiteElo "1206"]
[BlackElo "1404"]
[PlyCount "158"]
[EventDate "2021.10.15"]
[EventType "swiss"]
[EventRounds "9"]
[EventCountry "NET"]
[SourceTitle "EXT 2023"]
[Source "ChessBase"]
[SourceDate "2022.10.05"]
[SourceVersion "1"]
[SourceVersionDate "2022.10.05"]
[SourceQuality "1"]
[WhiteTeam "Portugal"]
[BlackTeam "Russia"]
[WhiteTeamCountry "POR"]
[BlackTeamCountry "RUS"]

1. e4 e5 2. Nf3 Nc6 3. Bc4 Bc5 4. c3 Nf6 5. d4 exd4 6. cxd4 Bb4+ 7. Bd2 Nxe4 8. Bxb4 Nxb4 9. Bxf7+ Kxf7 10. Qb3+ Kf8 11. Qxb4+ Qe7 12. Qxe7+ Kxe7 13. 0-0 Re8 14. Re1 Kf8 15. Nc3 Nxc3 16. Rxe8+ Kxe8 17. Re1+ Kf8 18. bxc3 d6 19. Ng5 h6 20. Nf3 Bg4 21. Nd2 Re8 22. Rxe8+ Kxe8 23. f3 Be6 24. c4 b5 25. d5 Bf7 26. cxb5 Bxd5 27. a4 c6 28. Kf2 cxb5 29. axb5 Kd7 30. Ke3 Kc7 31. Kd4 Be6 32. Ne4 Bd7 33. Kd5 Bxb5 34. Nxd6 Bd7 35. g3 a5 36. f4 a4 37. Nc4 Bb5 38. Na3 Bd3 39. Kc5 Kd7 40. Kd5 Ke7 41. Ke5 Kf7 42. h4 h5 43. Kd4 Bf5 44. Ke5 Kg6 45. Nc4 Bc2 46. Na3 Bd3 47. Ke6 Be4 48. Ke5 Bf5 49. Nc4 Bd3 50. Na3 Kf7 51. Kd4 Ba6 52. Ke5 Ke7 53. Kf5 Bd3+ 54. Kg5 g6 55. g4 hxg4 56. Kxg4 Kd6 57. Kf3 Kc5 58. Ke3 Bf5 59. Kd2 Kd4 60. Nb5+ Kc5 61. Na3 Kd5 62. Nb5 Bd7 63. f5 gxf5 64. Nc3+ Ke5 65. Nxa4 Bxa4 66. h5 Kf6 67. Ke3 Kg5 68. h6 Kxh6 69. Kf4 Kg6 70. Kf3 Kg5 71. Kg3 f4+ 72. Kf3 Bc6+ 73. Kf2 Kg4 74. Kf1 f3 75. Kf2 Bb5 76. Kg1 Kg3 77. Kh1 Bf1 78. Kg1 Bh3 79. Kh1 Bg2+ 0-1

[Event "RUS-chT U11"]
[Site "Sochi"]
[Date "2019.05.09"]
[Round "8.3"]
[White "Usov, Dmitry E"]
[Black "Iljushin, Yaroslav"]
[Result "1/2-1/2"]
[WhiteElo "1083"]
[BlackElo "1041"]
[PlyCount "41"]
[EventDate "2019.05.01"]
[EventType "team-tourn"]
[EventRounds "9"]
[EventCountry "RUS"]
[SourceTitle "EXT 2022"]
[Source "ChessBase"]
[SourceDate "2021.10.06"]
[SourceVersion "1"]
[SourceVersionDate "2021.10.06"]
[SourceQuality "1"]

1. e4 c6 2. d4 d5 3. exd5 cxd5 4. Nf3 Nc6 5. Nc3 g6 6. Bb5 Bg4 7. Be3 e6 8. a3 Bd6 9. h3 Bxf3 10. Qxf3 Qc7 11. 0-0 Nge7 12. Qf6 Rg8 13. Ne2 Nf5 14. Bxc6+ Qxc6 15. Nc3 Be7 16. Qe5 Bd6 17. Qf6 Be7 18. Qe5 Bd6 19. Qf6 Be7 20. Qe5 Bd6 21. Qf6 1/2-1/2